Statistics for If your aircraft registration starts with this, your aircraft is registered where?

Click here to take the quiz!

General Stats

  • This quiz has been taken 83 times
  • The average score is 9 of 15

Answer Stats

HintAnswer% Correct
DGermany
96%
FFrance
95%
GUK
87%
NUSA
87%
IItaly
76%
EIEire
73%
ECSpain
63%
CHSwitzerland
57%
LNNorway
51%
ZSSouth Africa
49%
PTBrazil
45%
CFCanada
44%
OEAustria
44%
OKCzech Republic
37%
SUEgypt
35%

Score Distribution

Percentile by Number Answered

Percent of People with Each Score

Your Score History

You have not taken this quiz